[Event "FSIM April"]
[Site "Budapest HUN"]
[Date "2005.04.02"]
[Round "1"]
[White "Goczo,M"]
[Black "Khadempour,F"]
[Result "0-1"]
[WhiteElo "2276"]
[BlackElo "2225"]

1.d4 Nf6 2.Nf3 e6 3.c4 b6 4.g3 Ba6 5.b3 Bb4+ 6.Bd2 Be7 7.Bg2 Bb7 8.O-O O-O
9.Bc3 d5 10.Nbd2 Na6 11.e3 Rc8 12.Qe2 c5 13.Rfd1 Qc7 14.dxc5 Nxc5 15.Be5 Bd6
16.Bxf6 gxf6 17.Nd4 dxc4 18.Nb5 Qb8 19.Nxd6 Qxd6 20.Nxc4 Qc7 21.Qg4+ Kh8
22.Qh4 Qe7 23.Nd6 Rc7 24.Bxb7 Nxb7 25.Ne4 Kg7 26.Qg4+ Kh8 27.Qh4 Kg7 28.Qg4+ Kh8
29.Qf4 e5 30.Qh6 Rg8 31.Nxf6 Rg7 32.Nd5 Qf8 33.Nxc7 Rxg3+ 34.hxg3 Qxh6 35.Rd7 Qc6
36.Rad1 Kg8 37.Nd5 Kg7 38.Rc7 Qg6 39.Rxb7 Qc2 40.Nc3 Qxc3 41.Rxa7 Kg6 42.Rdd7 f6
43.Rg7+ Kf5 44.g4+ Ke4 45.Kg2 Kd3 46.Rgd7+ Ke2 47.Rd6 Qb4 48.Rxf6 Qxg4+ 49.Kh2 Qh4+
50.Kg2 Qxf6  0-1

[Event "ch-FRA Top 16 GpA"]
[Site "Noyon FRA"]
[Date "2005.04.02"]
[Round "6"]
[White "Van der Stricht,G"]
[Black "Nezar,M"]
[Result "0-1"]
[WhiteElo "2425"]
[BlackElo "2375"]

1.d4 Nf6 2.c4 e6 3.Nf3 b6 4.g3 Ba6 5.Nbd2 d5 6.cxd5 exd5 7.Bg2 Bd6 8.O-O O-O
9.b3 Nbd7 10.Bb2 Re8 11.Re1 Bb7 12.Qc2 Ne4 13.Nxe4 dxe4 14.Nd2 Nf6 15.Nc4 Qe7
16.a3 Qe6 17.b4 Bd5 18.Rac1 Ng4 19.Bh3 Qg6 20.Bxg4 Qxg4 21.Ne3 Qe6 22.Nxd5 Qxd5
23.Qc4 Qg5 24.d5 h5 25.Rc2 h4 26.Kg2 b5 27.Qd4 a5 28.bxa5 Rxa5 29.Rd1 Ra4
30.Qe3 Qxe3 31.fxe3 hxg3 32.hxg3 f6 33.Rb1 Rea8 34.Bc1 Rc4 35.Rbb2 Kf7 36.Rxc4 bxc4
37.Rc2 Ra4 38.Bd2 Rxa3 39.Rxc4 Ra2 40.Bc1 Rxe2+ 41.Kf1 Ra2 42.g4 g6 43.Ke1 f5
44.gxf5 gxf5 45.Bd2 Kf6 46.Bc3+ Kg5 47.Bd2 Kg4 48.Ke2 Rb2 49.Ra4 Be5 50.Rb4 Rc2
51.Rb3 Rc5 52.Rb1 Rxd5 53.Rg1+ Kh5 54.Rg8 Rb5 55.Kd1 Rd5 56.Ke2 Kh6 57.Be1 Rb5
58.Bd2 Kh7 59.Rg5 Bf6 60.Rg1 c5 61.Rg3 Rb1 62.Rh3+ Kg6 63.Rg3+ Kf7 64.Rh3 Bg7
65.Rh7 Kg6 66.Rh3 Be5 67.Be1 c4 68.Rh1 Bg3  0-1

[Event "1st ch-SCG"]
[Site "Kopaonik SCG"]
[Date "2005.04.03"]
[Round "2"]
[White "Antic,De"]
[Black "Kovacevic,A"]
[Result "1-0"]
[WhiteElo "2488"]
[BlackElo "2550"]

1.d4 Nf6 2.c4 e6 3.Nf3 b6 4.g3 Ba6 5.b3 d5 6.cxd5 Bb4+ 7.Bd2 Bxd2+ 8.Qxd2 Ne4
9.Qb2 exd5 10.Bg2 O-O 11.O-O Nd7 12.b4 c5 13.b5 Bb7 14.Nc3 Re8 15.e3 Qf6
16.Rfd1 Nxc3 17.Qxc3 a6 18.a4 c4 19.Qc2 Qd6 20.Qb2 a5 21.Nd2 Rac8 22.Rac1 Rc7
23.e4 c3 24.Rxc3 Rxc3 25.Qxc3 dxe4 26.Qb2 f5 27.Nc4 Qf6 28.Qa3 Rd8 29.Qd6 Nc5
30.dxc5 Rxd6 31.cxd6 Bc8 32.Nxb6 Be6 33.Bf1 Qc3 34.Bc4  1-0

[Event "Belgrade Cup"]
[Site "Belgrade SCG"]
[Date "2005.04.05"]
[Round "1"]
[White "Rajkovic,Du"]
[Black "Rakic,Mi"]
[Result "1/2-1/2"]
[WhiteElo "2447"]
[BlackElo "2241"]

1.d4 Nf6 2.c4 e6 3.Nf3 b6 4.g3 Ba6 5.b3 d5 6.cxd5 Nxd5 7.Bg2 Bb4+ 8.Bd2 Be7
9.Nc3 Bb7 10.O-O Nd7 11.Qc2 N7f6 12.Rac1 Ba3 13.Rcd1 Nxc3 14.Bxc3 Be4 15.Qd2 Be7
16.Rc1 Nd5 17.Bb2 Bb4 18.Qg5 Qxg5 19.Nxg5 Bxg2 20.Kxg2 Bd2 21.Nf3 Bxc1 22.Rxc1 O-O
23.Ne5 f6 24.Nc6 a5 25.Ba3 Rf7 26.e4 Nb4 27.Bxb4 axb4 28.Rc2 Rd7 29.Kf3 Rd6
30.Ke3 Rxa2 31.Ne7+ Kf8 32.Rxa2 Kxe7 33.Ra4 c5 34.dxc5 bxc5 35.Ra5 Rd1 36.Rxc5 Rb1
37.Rc7+ Kd6 38.Rxg7 Rxb3+ 39.Kd2 Rb2+ 40.Ke3 Rb3+  1/2-1/2

[Event "Belgrade Cup"]
[Site "Belgrade SCG"]
[Date "2005.04.06"]
[Round "2"]
[White "Rakic,Mi"]
[Black "Mijailovic,Z"]
[Result "1/2-1/2"]
[WhiteElo "2241"]
[BlackElo "2393"]

1.d4 Nf6 2.c4 e6 3.Nf3 b6 4.g3 Ba6 5.Qc2 c5 6.Bg2 Nc6 7.dxc5 bxc5 8.O-O Be7
9.Qa4 Qa5 10.Qxa5 Nxa5 11.Ne5 Rc8 12.b3 d6 13.Bd2 Bd8 14.Nd3 d5 15.cxd5 Nxd5
16.Na3 c4 17.bxc4 Nxc4 18.Nxc4 Rxc4 19.Rfc1 O-O 20.Rxc4 Bxc4 21.Rc1 Bxa2
22.Ra1  1/2-1/2

[Event "1st ch-SCG"]
[Site "Kopaonik SCG"]
[Date "2005.04.07"]
[Round "6"]
[White "Arsovic,G"]
[Black "Kovacevic,A"]
[Result "1/2-1/2"]
[WhiteElo "2419"]
[BlackElo "2550"]

1.d4 Nf6 2.Nf3 e6 3.c4 b6 4.g3 Ba6 5.Qb3 Nc6 6.Bd2 d5 7.Qa4 Bb7 8.cxd5 Qxd5
9.Nc3 Qd7 10.Be3 Nb4 11.Qxd7+ Nxd7 12.Rc1 Bd6 13.Bg2 Ke7 14.O-O Rac8  1/2-1/2

[Event "Belgrade Cup"]
[Site "Belgrade SCG"]
[Date "2005.04.09"]
[Round "5"]
[White "Rajkovic,Du"]
[Black "Marinkovic,Sl"]
[Result "1-0"]
[WhiteElo "2447"]
[BlackElo "2421"]

1.d4 Nf6 2.c4 e6 3.Nf3 b6 4.g3 Ba6 5.Nbd2 Bb4 6.Qc2 Bb7 7.Bg2 Be4 8.Qd1 O-O
9.O-O Bxd2 10.Qxd2 d6 11.b3 Nbd7 12.Bb2 Qe7 13.Rfd1 a5 14.Qc3 a4 15.b4 c6
16.Rac1 b5 17.d5 cxd5 18.cxb5 e5 19.Bh3 d4 20.Qd2 Rab8 21.Nh4 h6 22.e3 dxe3
23.Qxe3 Rxb5 24.Rc7 d5 25.Nf5 Bxf5 26.Bxf5 Qd6 27.Rdc1 d4 28.Qd3 Qd5 29.f3 g6
30.Be4 Qxa2 31.Qxb5 Qxb2 32.Qxa4 Nxe4 33.fxe4 Qe2 34.Qc2 Qb5 35.Qc4 Qa4 36.Rc6 Rb8
37.Rxg6+  1-0

[Event "FSGM April"]
[Site "Budapest HUN"]
[Date "2005.04.11"]
[Round "10"]
[White "Ilincic,Z"]
[Black "Szabo,Kr"]
[Result "1-0"]
[WhiteElo "2502"]
[BlackElo "2376"]

1.d4 Nf6 2.c4 e6 3.Nf3 b6 4.g3 Ba6 5.Qa4 c5 6.Bg2 Bb7 7.O-O cxd4 8.Nxd4 Bxg2
9.Kxg2 Be7 10.Rd1 O-O 11.Nc3 Qc8 12.f3 a6 13.Bg5 Qb7 14.Ne4 Rc8 15.Nxf6+ Bxf6
16.Bxf6 gxf6 17.Qa3 Nc6 18.Nxc6 Qxc6 19.Rd4 Qc5 20.Qd3 Rc7 21.Rd1 b5 22.Rg4+ Kf8
23.b4 Qc6 24.Qxh7 Ke7 25.c5 Rcc8 26.Rd6 Qb7 27.Rgd4 Ra7 28.h4 a5 29.a3 axb4
30.axb4 Qa8 31.Qd3 Rcc7 32.Qxb5 Rab7 33.Qd3 Qa4 34.Qd2 e5 35.Qh6 exd4 36.Qxf6+ Kf8
37.Qh8+ Ke7 38.Qe5+ Kd8 39.Rh6  1-0

[Event "ch-BLR U20"]
[Site "Minsk BLR"]
[Date "2005.04.13"]
[Round "6"]
[White "Redko,S"]
[Black "Maiorov,N"]
[Result "1-0"]
[WhiteElo "2150"]
[BlackElo "2449"]

1.d4 Nf6 2.c4 e6 3.Nf3 b6 4.g3 Ba6 5.b3 Bb4+ 6.Bd2 Be7 7.Bg2 d5 8.Bc3 O-O
9.Ne5 Bb7 10.O-O Na6 11.Bb2 Qc8 12.Nc3 Rd8 13.cxd5 exd5 14.Rc1 c5 15.e3 Bf8
16.g4 Ne4 17.Nxe4 dxe4 18.g5 Bd6 19.Nxf7 Kxf7 20.Qh5+ Ke7 21.dxc5 bxc5 22.Bh3 Qc7
23.Bxg7 Rf8 24.Qxh7 Ke8 25.g6 Bc8 26.Bxf8 Bxf8 27.Qh5 Bg7 28.Bxc8 Rxc8 29.Rc4 Kd7
30.Rd1+ Kc6 31.Qd5+ Kb6 32.Qe6+ Kb5 33.a4+ Ka5 34.Rd7 Qe5 35.b4+ Kxa4 36.Qxa6+ Kb3
37.bxc5 Rb8  1-0

[Event "Torch Real Estate Cup"]
[Site "Jinan CHN"]
[Date "2005.04.23"]
[Round "4"]
[White "Wang Xiaohui"]
[Black "Xu Yuhua"]
[Result "0-1"]
[WhiteElo "2180"]
[BlackElo "2478"]

1.d4 Nf6 2.c4 e6 3.Nf3 b6 4.g3 Ba6 5.b3 Bb4+ 6.Bd2 Be7 7.Bg2 c6 8.Bc3 d5
9.Nbd2 Nbd7 10.O-O O-O 11.Re1 c5 12.Ne5 Qc7 13.e3 Rad8 14.Qc2 Bb7 15.Rad1 Nxe5
16.dxe5 Ng4 17.Qb2 Nxf2 18.Kxf2 d4 19.Ne4 dxc3 20.Qxc3 f5 21.Nd2 g5 22.Bxb7 Qxb7
23.Nf3 g4 24.Nd2 Bg5 25.Kg1 Bh6 26.Nf1 Qc7 27.Qa1 Bg7 28.Rxd8 Rxd8 29.Rd1 Rxd1
30.Qxd1 Bxe5 31.Kf2 h5 32.Qd3 Kf7 33.Qd2 Kg6 34.Qd3 h4 35.e4 Bd4+ 36.Ke2 Qe5
37.gxh4 fxe4 38.Qg3 Qf5 39.Ne3 Qf3+ 40.Qxf3 exf3+  0-1

[Event "62nd ch-POL"]
[Site "Poznan POL"]
[Date "2005.04.24"]
[Round "4"]
[White "Urban,K"]
[Black "Jaracz,P"]
[Result "1/2-1/2"]
[WhiteElo "2497"]
[BlackElo "2530"]

1.d4 Nf6 2.c4 e6 3.Nf3 b6 4.g3 Ba6 5.b3 Bb7 6.Bg2 Bb4+ 7.Bd2 a5 8.O-O O-O
9.Qc2 d6 10.Bc3 d5 11.Rd1 Be7 12.Bb2 Na6 13.Nc3 c6 14.e4 Rc8 15.Rac1 Qc7
16.e5 Nd7 17.h4 Qb8 18.cxd5 Nb4 19.Qb1 Nxd5 20.Nxd5 cxd5 21.Ng5 g6 22.Bf1 Rxc1
23.Rxc1 Rc8 24.Bb5 Nf8 25.Qd3 Rxc1+ 26.Bxc1 Qc8 27.Bd2 Bc6 28.Bxc6 Qxc6 29.Qf3 Qe8
30.Qf4 Nd7 31.Nf3 Qc8 32.Ng5 Qe8 33.Nf3 Qc8  1/2-1/2

[Event "7th Rector Cup w"]
[Site "Kharkiv UKR"]
[Date "2005.04.30"]
[Round "11"]
[White "Maiko,J"]
[Black "Vozovic,O"]
[Result "0-1"]
[WhiteElo "2211"]
[BlackElo "2288"]

1.d4 Nf6 2.Nf3 e6 3.c4 b6 4.g3 Ba6 5.b3 b5 6.Bg2 bxc4 7.Ne5 Bb4+ 8.Bd2 cxb3
9.axb3 Bxd2+ 10.Qxd2 d5 11.Qb4 Qd6 12.Qa4+ c6 13.Nc3 O-O 14.O-O Rd8 15.Rfd1 Nfd7
16.Nxd7 Qxd7 17.e4 Bb7 18.Qa5 Qe7 19.Bf1 Nd7 20.Rac1 Nb6 21.Bg2 h6 22.h4 Rdc8
23.Re1 Qd8 24.Red1 Nd7 25.Qxd8+ Rxd8 26.Na4 Kf8 27.Nc5 Nxc5 28.Rxc5 Ke7 29.e5 Kd7
30.Bf1 Kc7 31.b4 a6 32.Ra5 Kb6 33.Rd2 Rdb8 34.Rc2 Bc8 35.Rac5 Bd7 36.Ra5 Kc7
37.Rb2 Rb6 38.Kg2 Rab8 39.Rxa6 Rxb4 40.Ra7+ R8b7 41.Rxb7+ Rxb7 42.Rxb7+ Kxb7
43.f4 c5 44.dxc5 Kc6 45.Kf3 Kxc5 46.Ke3 d4+ 47.Kd2 Bc6 48.Be2 Be4 49.Ba6 f6
50.Bc8 Bf5 51.exf6 gxf6 52.Bd7 Kd6 53.Bc8 Kc7 54.Ba6 e5 55.fxe5 fxe5 56.Be2 e4
57.g4 e3+ 58.Ke1 Bg6 59.Bc4 d3 60.Bb3 Kd6 61.Kf1 Ke5 62.Kg2 Kf4 63.g5 Be4+
64.Kf1 hxg5 65.hxg5 Kxg5 66.Ke1 Kf4 67.Kf1 Bf3 68.Ba4 d2  0-1

[Event "10th Cvitanovic Mem"]
[Site "Split CRO"]
[Date "2005.05.01"]
[Round "2"]
[White "Polak,T"]
[Black "Bosiocic,Mari"]
[Result "1-0"]
[WhiteElo "2466"]
[BlackElo "2345"]

1.d4 Nf6 2.c4 e6 3.Nf3 b6 4.g3 Ba6 5.b3 Bb4+ 6.Bd2 Be7 7.Bg2 c6 8.Bc3 d5
9.Ne5 Nfd7 10.Nxd7 Nxd7 11.Nd2 O-O 12.O-O Rc8 13.Bb2 b5 14.c5 e5 15.b4 e4
16.f3 f5 17.fxe4 fxe4 18.Qb3 Kh8 19.Qa3 Bb7 20.Qxa7 Qc7 21.Qa3 Bg5 22.Rxf8+ Rxf8
23.Nf1 Qd8 24.Bc1 Qf6 25.Be3 Bc8 26.Qc1 h6 27.Bxg5 hxg5 28.Qe3 Qg6 29.a4 bxa4
30.Rxa4 Nf6 31.h3 Ne8 32.Ra7 Qf6 33.g4 g6 34.h4 Bxg4 35.hxg5 Qe6 36.Nh2 Bf5
37.Qf4 Kg8 38.e3 Ng7 39.Bf1 Rf7 40.Qb8+ Rf8 41.Qc7 Rf7 42.Ra8+ Rf8 43.Rxf8+ Kxf8
44.b5 cxb5 45.Bxb5 Bh3 46.Bc6 Ne8 47.Qf4+ Ke7 48.Bxe8 Kxe8 49.Kf2  1-0

[Event "Open A"]
[Site "Djakovo CRO"]
[Date "2005.05.03"]
[Round "4"]
[White "Saric,A"]
[Black "Palac,M"]
[Result "1/2-1/2"]
[WhiteElo "2472"]
[BlackElo "2574"]

1.d4 Nf6 2.c4 e6 3.Nf3 b6 4.g3 Ba6 5.Qa4 Bb7 6.Bg2 c5 7.dxc5 Bxc5 8.O-O O-O
9.Nc3 Be7 10.Rd1 Na6 11.Bf4 Nc5 12.Qc2 Qc8 13.Rac1 Nce4 14.Nd4 Nxc3 15.Qxc3 a6
16.Qb3 Bxg2 17.Kxg2 Qb7+ 18.Qf3 Ne4 19.Nb3 f5 20.Nd2 g5 21.Nxe4 fxe4 22.Qg4 h5
23.Qxh5 gxf4 24.Qg6+  1/2-1/2

[Event "10th Cvitanovic Mem"]
[Site "Split CRO"]
[Date "2005.05.03"]
[Round "4"]
[White "Polak,T"]
[Black "Cvorovic,D"]
[Result "1-0"]
[WhiteElo "2466"]
[BlackElo "2450"]

1.d4 Nf6 2.c4 e6 3.Nf3 b6 4.g3 Ba6 5.b3 d5 6.Bg2 Ne4 7.O-O Nc6 8.Bb2 Be7
9.Qc1 Bb7 10.Nc3 O-O 11.e3 f5 12.Ne1 Na5 13.Nd3 dxc4 14.Nf4 Nxc3 15.Bxb7 Nxb7
16.Qxc3 Rf6 17.bxc4 Bd6 18.Nd3 c5 19.dxc5 Nxc5 20.Nxc5 Bxc5 21.Rad1 Qc7 22.Rd3 Rf7
23.Rc1 h5 24.Qe5 Qxe5 25.Bxe5 Re8 26.Kg2 g5 27.Kf3 Bb4 28.h4 gxh4 29.gxh4 Rc8
30.Rg1+ Kh7 31.Rg5 Kh6 32.Bf4 Rxc4 33.Rxf5+ Kg6 34.Rxf7 Kxf7 35.Rd7+ Kg6
36.Rxa7 Bc3 37.Rb7 Rb4 38.Bc7 b5 39.Ba5  1-0

[Event "62nd ch-GEO w"]
[Site "Tblisi GEO"]
[Date "2005.05.05"]
[Round "1"]
[White "Charkhalashvili,I"]
[Black "Lomineishvili,M"]
[Result "1/2-1/2"]
[WhiteElo "2321"]
[BlackElo "2396"]

1.d4 Nf6 2.Nf3 e6 3.c4 b6 4.g3 Ba6 5.Nbd2 Bb4 6.Qb3 Bxd2+ 7.Bxd2 Bb7 8.Bg2 O-O
9.O-O d6 10.Rfd1 Nbd7 11.Bc3 Qe7 12.Qc2 Be4 13.Qd2 Rac8 14.b3 Rfd8 15.Rac1 d5
16.Bb2 dxc4 17.Rxc4 c5 18.dxc5 Nxc5 19.Rd4 Nb7 20.Qe3 Rxd4 21.Bxd4 Bd5 22.h3 Nd6
23.g4 Nfe8 24.Rc1 Qb7 25.Be5 Qa6 26.Rxc8 Qxc8 27.Qf4 Qc5 28.Bd4 Qc2 29.Qd2 Qxd2
30.Nxd2 Bxg2 31.Kxg2 f6 32.f4 Kf7 33.Kf3 Ke7 34.e4 Kd7 35.Ke3 Kc6 36.Kd3  1/2-1/2

[Event "ch-FRA National 1"]
[Site "Lille FRA"]
[Date "2005.05.06"]
[Round "9"]
[White "Doettling,F"]
[Black "Pham Minh Hoang"]
[Result "1-0"]
[WhiteElo "2528"]
[BlackElo "2455"]

1.d4 Nf6 2.Nf3 b6 3.c4 e6 4.g3 Ba6 5.Nbd2 Bb7 6.Bg2 c5 7.e4 d6 8.O-O Be7
9.d5 exd5 10.exd5 O-O 11.Re1 Nbd7 12.b3 Re8 13.Bb2 b5 14.Qc2 Nb6 15.Re3 bxc4
16.bxc4 Ng4 17.Re4 Bc8 18.h3 Nh6 19.Re2 Bf5 20.Ne4 Qd7 21.Rae1 Bg6 22.Qc3 f6
23.Bc1 Nf7 24.Nh4 f5 25.Nxg6 hxg6 26.Bb2 Bf8 27.Nd2 Na4 28.Qc2 Nxb2 29.Qxb2 Rxe2
30.Rxe2 Re8 31.Re6 Kh7 32.Qb5 Qxb5 33.cxb5 Rxe6 34.dxe6 Ne5 35.a4 c4 36.a5 c3
37.Nb3 Nc4 38.Bd5 Nb6 39.axb6 axb6 40.Kf1  1-0

[Event "ch-FRA Top 16 Poule Basse"]
[Site "Port Barcares FRA"]
[Date "2005.05.06"]
[Round "10"]
[White "Nezar,M"]
[Black "Kosten,A"]
[Result "1/2-1/2"]
[WhiteElo "2375"]
[BlackElo "2537"]

1.d4 Nf6 2.c4 e6 3.Nf3 b6 4.g3 Ba6 5.Qa4 c5 6.Bg2 Bb7 7.dxc5 bxc5 8.O-O Be7
9.Nc3 O-O 10.Rd1 d6 11.Bf4 a6 12.Rd2 Qc7 13.Rad1 Ne8 14.Bg5 f6 15.Be3 Nd7
16.Qc2 f5 17.Bg5 Ndf6 18.Ne1 h6 19.Bxb7 Qxb7 20.Bxf6 Bxf6 21.Nd3 Qf7 22.Qa4 Bd4
23.Qc6 Nf6 24.Rc2 Rad8 25.Nb1 Ng4 26.Rf1 f4 27.Qg2 f3 28.exf3 Qxf3 29.Nf4 Qxg2+
30.Kxg2 Rf6 31.Re2 Ne5 32.Nd2 Rdf8 33.Ne4 Rxf4 34.gxf4 Nd3 35.Rd2 Nxf4+ 36.Kh1 d5
37.cxd5 exd5 38.Ng3 Nh3 39.Kg2 Nf4+ 40.Kh1 Nh3 41.Kg2  1/2-1/2

[Event "ch-FRA National 1"]
[Site "Lille FRA"]
[Date "2005.05.07"]
[Round "10"]
[White "Bunzmann,D"]
[Black "Lepelletier,B"]
[Result "1/2-1/2"]
[WhiteElo "2540"]
[BlackElo "2445"]

1.d4 Nf6 2.Nf3 e6 3.c4 b6 4.g3 Ba6 5.Qb3 Nc6 6.Bd2 Bb7 7.d5 Ne7 8.dxe6 fxe6
9.Bg2 Nf5 10.O-O Bc5 11.Bb4 Bxb4 12.Qxb4 Qe7 13.Qc3 O-O 14.Nbd2 Rae8 15.Rfe1 Nd6
16.Qe5 c5 17.b3 Bc6 18.h3 Nf7 19.Qb2 d6 20.Rad1 Qb7 21.Nf1 d5 22.cxd5 exd5
23.b4 d4 24.bxc5 bxc5 25.Qxb7 Bxb7 26.Rc1 Rc8 27.N1d2 Nd6 28.Nb3 Nfe4 29.Nfd2 Nxd2
30.Bxb7 Nxb7 31.Nxd2 Nd6 32.e3 d3 33.Rc3 c4 34.e4 Nb5 35.Rxc4 Rxc4 36.Nxc4 Rc8
37.Ne3 Nc3 38.Nf1 Nxa2 39.Rd1 Nc1 40.Ne3 a5 41.Nd5 Rc2 42.Kg2 d2 43.Ne3 Ra2
44.Kf3 a4 45.Nc4 Rc2 46.Ne3 Rb2 47.Nc4 Rb3+ 48.Kg2 Rd3 49.Kf1 a3 50.Nxa3 Rxa3
51.Rxd2 Nd3 52.Ke2 Nc5 53.f3 Kf7 54.Rd5 Ne6 55.h4 h6 56.Rd2 Kf6 57.Rd5 Ra2+
58.Ke3 Rg2 59.g4 g5 60.hxg5+ hxg5 61.e5+ Ke7 62.Ra5 Rc2 63.Ra7+ Rc7 64.Rxc7+ Nxc7
65.f4 Nd5+ 66.Ke4 Nxf4 67.Kf5 Ne6 68.Kg6 Ke8 69.Kf6 Kd7 70.Kf7 Nd4 71.Kf6 Nf3
72.e6+ Ke8 73.e7 Kd7 74.Kf7 Ne5+ 75.Kf6 Nxg4+  1/2-1/2

[Event "Bundesliga Playoff 2004-5"]
[Site "Bremen GER"]
[Date "2005.05.08"]
[Round "8"]
[White "Schandorff,L"]
[Black "Van den Doel,E"]
[Result "1/2-1/2"]
[WhiteElo "2497"]
[BlackElo "2558"]

1.d4 Nf6 2.c4 e6 3.Nf3 b6 4.g3 Ba6 5.b3 Bb7 6.Bg2 Bb4+ 7.Bd2 a5 8.O-O O-O
9.Nc3 d6 10.Qc2 Nbd7 11.Rfe1 Bxc3 12.Bxc3 Be4 13.Qc1 Re8 14.Bf1 c5 15.Nd2 Bc6
16.e4 cxd4 17.Bxd4 Qb8 18.Bg2 e5 19.Bb2 Nc5 20.Qc2 b5 21.Rad1 b4 22.Nf1 a4
23.f3 Qa7 24.Kh1 Rad8 25.Bc1  1/2-1/2

[Event "Torch Real Estate Cup"]
[Site "Wuxi CHN"]
[Date "2005.05.12"]
[Round "11"]
[White "Wang Doudou"]
[Black "Xu Yuhua"]
[Result "1/2-1/2"]
[WhiteElo "2143"]
[BlackElo "2478"]

1.d4 Nf6 2.c4 e6 3.Nf3 b6 4.g3 Ba6 5.Qa4 Bb7 6.Bg2 c5 7.dxc5 Bxc5 8.O-O O-O
9.Nc3 Be7 10.Bf4 d6 11.Rfd1 a6 12.Qa3 d5 13.Qb3 dxc4 14.Qxc4 Qc8 15.Qxc8 Rxc8
16.Na4 Bd8 17.Ne5 Bxg2 18.Kxg2 a5 19.Rac1 Na6 20.Rxd8+ Rxd8 21.Nxb6 Rab8
22.Nc6 Rxb6 23.Nxd8 Rxb2 24.Rc8 h6 25.Nxe6+ Kh7 26.Nf8+ Kh8 27.Nd7+ Ng8 28.a3 Rxe2
29.Ne5 Rb2 30.Nxf7+ Kh7 31.Rc6 Nb8 32.Rc5 Nf6 33.Bxb8 Rxb8 34.Rxa5 Rb2 35.Ra4 Nd5
36.Rd4 Ne3+ 37.Kf3 Nc2 38.Rd2 Rb3+ 39.Kg4 Nxa3 40.h4 Nc4 41.Rd4 Rb7 42.Rxc4 Rxf7
43.f4 Ra7 44.h5 Ra1 45.Re4 Rh1 46.Re8 Rh2 47.Re5 Rh1 48.Kf3 Rf1+ 49.Kg4 Rh1
50.Re7 Rh2 51.Re4 Rh1 52.Rd4 Rh2 53.Rd7 Rh1 54.f5 Rf1 55.Rd4 Rf2 56.Rf4 Ra2
57.Kh3 Ra6 58.Kh4 Kg8 59.Rb4 Kf7 60.Kg4 Ra1 61.Kf4 Rf1+ 62.Ke5 Re1+ 63.Re4 Rd1
64.g4 Rd2 65.Rd4 Re2+ 66.Kf4 Rf2+ 67.Kg3 Ra2 68.Re4 Ra1 69.Rf4  1/2-1/2

[Event "62nd ch-GEO w"]
[Site "Tblisi GEO"]
[Date "2005.05.13"]
[Round "8"]
[White "Khurtsidze,N"]
[Black "Melia,S"]
[Result "1-0"]
[WhiteElo "2418"]
[BlackElo "2333"]

1.d4 Nf6 2.Nf3 e6 3.c4 b6 4.g3 Ba6 5.b3 Bb4+ 6.Bd2 Be7 7.Bg2 d5 8.Ne5 c6
9.Bc3 Nfd7 10.Nxd7 Nxd7 11.Nd2 Nf6 12.O-O O-O 13.e4 c5 14.exd5 exd5 15.dxc5 Rc8
16.c6 Rxc6 17.Bxf6 Rxf6 18.Bxd5 Rh6 19.Re1 Ba3 20.Nf3 Qc8 21.Ng5 Qf5 22.Qd2 Bc5
23.b4 Bd6 24.Rad1 Qc8 25.Rc1 Bb7 26.c5 bxc5 27.bxc5 Bb8 28.Re7 Bxd5 29.Qxd5 Rf6
30.Qe4 Rf5 31.Nxh7 Rd8 32.c6 Bd6 33.c7 Kxh7 34.Qxf5+  1-0

[Event "ch-UKR sf"]
[Site "Alushta UKR"]
[Date "2005.05.16"]
[Round "1"]
[White "Varchenko,G"]
[Black "Andreev,Ed"]
[Result "0-1"]
[WhiteElo "2256"]
[BlackElo "2502"]

1.d4 Nf6 2.c4 e6 3.Nf3 b6 4.g3 Ba6 5.b3 Bb4+ 6.Bd2 Be7 7.Bg2 c6 8.O-O d5
9.cxd5 cxd5 10.Ne5 Nfd7 11.Nxd7 Qxd7 12.Re1 O-O 13.Bc3 Nc6 14.Nd2 Rac8 15.Nf3 Bb4
16.Qd2 Bxc3 17.Qxc3 Rc7 18.Qd2 Qd6 19.Rac1 Rfc8 20.Red1 Qb4 21.Rc2 Qxd2 22.Rdxd2 Nb4
23.Rxc7 Rxc7 24.h4 Rc1+ 25.Kh2 Ra1 26.e3 Kf8 27.g4 Ke7 28.Kg3 Rxa2 29.Rxa2 Nxa2
30.Nd2 Bd3 31.Kf4 Nc3 32.g5 a5 33.f3 Ne2+  0-1

[Event "Chigorin CC"]
[Site "St Petersburg RUS"]
[Date "2005.05.16"]
[Round "1"]
[White "Pavlov,Gennady"]
[Black "Lanin,A"]
[Result "0-1"]
[WhiteElo "2119"]
[BlackElo "2407"]

1.d4 Nf6 2.c4 e6 3.Nf3 b6 4.g3 Ba6 5.Nbd2 c5 6.Bg2 Nc6 7.dxc5 bxc5 8.O-O Be7
9.b3 O-O 10.Bb2 d5 11.cxd5 exd5 12.Re1 Qb6 13.Ne5 Nxe5 14.Bxe5 Rac8 15.Bh3 Rcd8
16.Qc2 Rfe8 17.Rac1 Bf8 18.Nf3 d4 19.Bf5 g6 20.Bxf6 Qxf6 21.Be4 d3 22.exd3 Rxe4
23.dxe4 Qxf3 24.Rcd1 Rd4 25.Rxd4 cxd4 26.Qd1 Qc3 27.e5 d3 28.e6 fxe6 29.Rxe6 Qc2
30.Qxc2 dxc2 31.Rc6 Bd3  0-1

[Event "62nd ch-GEO w"]
[Site "Tblisi GEO"]
[Date "2005.05.16"]
[Round "11"]
[White "Charkhalashvili,I"]
[Black "Gurieli,N"]
[Result "1/2-1/2"]
[WhiteElo "2321"]
[BlackElo "2348"]

1.d4 Nf6 2.Nf3 e6 3.c4 b6 4.g3 Ba6 5.b3 b5 6.Bg2 bxc4 7.Ne5 Bb4+ 8.Bd2 cxb3
9.axb3 Bxd2+ 10.Nxd2 c6 11.O-O O-O 12.Re1 Bb5 13.Qc2 d6 14.Nec4 d5 15.Na5 Qb6
16.Qc3 Nbd7 17.b4 Rfe8 18.e3 Rac8 19.f4 Nf8 20.Rac1 Ng6 21.Bf3 Nd7 22.Kg2 Ne7
23.Ndb3 Nf5 24.Rb1 Qc7 25.Ra1 Nd6 26.Rec1 Nb6 27.Nc5 Rb8 28.Ra2 Ra8 29.Rca1 Nbc4
30.Kf2 f6 31.Kg2 Nxa5 32.Rxa5 Nc4 33.R5a2 e5 34.fxe5 fxe5 35.e4 dxe4 36.Nxe4 exd4
37.Qxd4 a6 38.Rc1 Rad8 39.Qc3 Ne5 40.Nc5 Nxf3 41.Qxf3 Qe5 42.Rf2 Kh8 43.Kh1 h6
44.Qf7 Re7 45.Qg6 Qe3 46.Rcc2 Qe1+ 47.Kg2 Qxb4 48.Kh3 Bc4 49.Qxc6 Bb5 50.Qg6 Qe1
51.Kg2  1/2-1/2

[Event "FSIM May"]
[Site "Budapest HUN"]
[Date "2005.05.18"]
[Round "12"]
[White "Chetverik,M"]
[Black "Fodor,T jr"]
[Result "1-0"]
[WhiteElo "2305"]
[BlackElo "2269"]

1.d4 Nf6 2.c4 e6 3.Nf3 b6 4.g3 Ba6 5.Qa4 Bb7 6.Bg2 c5 7.O-O cxd4 8.Nxd4 Bxg2
9.Kxg2 Bc5 10.Rd1 Qc8 11.Nc3 Bxd4 12.Rxd4 Qc6+ 13.Qxc6 dxc6 14.Bg5 Nfd7 15.Rad1 f6
16.Bc1 Ke7 17.b3 c5 18.Rd6 Ne5 19.Nb5 Rc8 20.f4 Nec6 21.R6d2 a6 22.Nc3 Ra7
23.f5 Rd7 24.fxe6 Rxd2 25.Rxd2 Kxe6 26.Na4 Ne5 27.Nxb6 Rc6 28.Nd5 Nbd7 29.Bb2 Rc8
30.Bc3 Nc6 31.Nf4+ Ke7 32.Nh5 Rg8 33.g4 Nce5 34.h3 Kf7 35.Bxe5 Nxe5 36.Rd6 Ra8
37.Rb6 Ra7 38.Nf4 h6 39.Kf2 a5 40.Rb5 g5 41.Nd3 Nxd3+ 42.exd3 a4 43.Rxc5 axb3
44.axb3 Ra2+ 45.Ke3 Rh2 46.b4 Rxh3+ 47.Ke4 h5 48.gxh5 Rxh5 49.b5 Rh4+ 50.Kf3 Rh3+
51.Kg2 Rxd3 52.b6 Rd7 53.Rb5 Rd8 54.c5 Ke7 55.c6 Kd6 56.c7 Re8 57.Rf5 Kc6
58.Rxf6+ Kb7 59.Kg3 Rg8 60.Kg4 Rc8 61.Rd6  1-0

[Event "48th TCh-SCG"]
[Site "Herceg Novi SCG"]
[Date "2005.05.21"]
[Round "7"]
[White "Tosic,M"]
[Black "Ostojic,N"]
[Result "1/2-1/2"]
[WhiteElo "2479"]
[BlackElo "2437"]

1.d4 Nf6 2.c4 e6 3.Nf3 b6 4.g3 Ba6 5.b3 Bb4+ 6.Bd2 Bxd2+ 7.Nbxd2 d5 8.cxd5 exd5
9.Bg2 O-O 10.O-O c5 11.Rc1 Nbd7 12.Re1 Qe7 13.Nf1 Bb7 14.Ne3 g6 15.Qd3 Rad8
16.Nd2 Rfe8 17.Red1 Nb8 18.Nb1 Nc6 19.Nc2 Qxe2 20.Qxe2 Rxe2 21.dxc5 bxc5
22.Nc3 Re5 23.f4 Re7 24.Nxd5 Nxd5 25.Rxd5 Rxd5  1/2-1/2

[Event "VII Open"]
[Site "Salou ESP"]
[Date "2005.05.25"]
[Round "6"]
[White "Lalic,B"]
[Black "Spraggett,K"]
[Result "1/2-1/2"]
[WhiteElo "2503"]
[BlackElo "2585"]

1.d4 Nf6 2.c4 e6 3.Nf3 b6 4.g3 Ba6 5.b3 b5 6.cxb5 Bxb5 7.Bg2 d5 8.Nc3 Ba6
9.O-O Nbd7 10.Re1 Bb4 11.Bd2 O-O 12.a3 Be7 13.b4 c6 14.Qc2 Rc8 15.e4 Nxe4
16.Nxe4 dxe4 17.Rxe4 Bb7  1/2-1/2

[Event "VII Open"]
[Site "Salou ESP"]
[Date "2005.05.27"]
[Round "8"]
[White "Krivoshey,S"]
[Black "Fedorchuk,S"]
[Result "0-1"]
[WhiteElo "2493"]
[BlackElo "2577"]

1.d4 Nf6 2.c4 e6 3.Nf3 b6 4.g3 Ba6 5.b3 b5 6.cxb5 Bxb5 7.Bg2 Bb4+ 8.Bd2 a5
9.O-O Bc6 10.a3 Be7 11.Nc3 Qc8 12.Qc2 Qb7 13.Bg5 Ra6 14.Bxf6 Bxf6 15.e4 O-O
16.Rfd1 Rb6 17.Rab1 d6 18.Nd2 d5 19.exd5 exd5 20.Nf1 Be7 21.Ne3 Bxa3 22.Ncxd5 Rb5
23.Nxc7 Qxc7 24.d5 Rc5 25.Qa2 Bb4 26.dxc6 Nxc6 27.Nd5 Qe5 28.Nf4 Qf5 29.Nd3 Rc3
30.Bxc6 Rxc6 31.Nxb4 axb4 32.Qd2 Rc2 33.Qd4 h5 34.Rbc1 Re8 35.h4 Rce2 36.Rd2 R2e4
37.Qd3 Qh3 38.Rdd1 Qg4 39.Kg2 Qg6 40.Rc4 f5 41.Rxe4 Rxe4 42.Qd8+ Kh7 43.Rd6 Qf7
44.Rd7 Qg6 45.Rd6 Re6 46.Rd4 Re1 47.Qd5 Re4 48.Rxe4 fxe4 49.Qd4 Qg4 50.Qe3 Qf5
51.f3 exf3+ 52.Qxf3 Qc2+ 53.Kg1 Qc5+ 54.Kg2 Kg6 55.Qe4+ Kf6 56.Qf4+ Ke6 57.Qe4+ Kd7
58.Qb7+ Kd6 59.Qxg7 Qc2+ 60.Kh3 Qxb3 61.Qf8+ Ke5 62.Qf4+ Ke6 63.Qh6+ Ke7
64.Qg5+ Kd6 65.Qd8+ Ke5 66.Qg5+ Kd4 67.Qxh5 Qe6+ 68.g4 Qe3+ 69.Kg2 b3 70.Qb5 Qd2+
71.Kh3 b2 72.Qb6+ Kd3 73.Qb3+ Ke2 74.Kg2 Ke1+ 75.Kg3 Qf2+ 76.Kh3 Qf1+ 77.Kg3 Qf2+
78.Kh3 Qd4 79.h5 Kd2 80.Qe6 Qe3+ 81.Qxe3+ Kxe3 82.Kh4 b1=Q 83.Kg5 Kf3 84.Kf6 Kf4
85.Kg7 Kg5 86.Kf7 Qb7+ 87.Kg8 Kf6  0-1

[Event "Summer"]
[Site "Alushta UKR"]
[Date "2005.05.29"]
[Round "5"]
[White "Tishin,D"]
[Black "Belikov,V"]
[Result "1/2-1/2"]
[WhiteElo "2355"]
[BlackElo "2517"]

1.d4 Nf6 2.c4 e6 3.Nf3 b6 4.g3 Ba6 5.Qa4 Bb7 6.Bg2 c5 7.dxc5 Bxc5 8.Nc3 Be7
9.O-O O-O 10.Bf4 a6 11.Rfd1 d6 12.Rac1 Qc7 13.Qc2 Rd8 14.b3 Nbd7 15.e4 h6
16.Qe2 Ne5 17.Nd4 Rac8 18.h3 Qb8 19.Be3 Ned7 20.f4 Nc5 21.Bf2 Qa8 22.Re1 Bf8
23.b4 Ncd7 24.a3 Re8 25.Nb3 g6 26.Qf1 Rc7 27.Nd2 Qb8  1/2-1/2

[Event "Summer"]
[Site "Alushta UKR"]
[Date "2005.06.02"]
[Round "9"]
[White "Tishin,D"]
[Black "Shtyrenkov,V"]
[Result "1/2-1/2"]
[WhiteElo "2355"]
[BlackElo "2447"]

1.d4 Nf6 2.c4 e6 3.Nf3 b6 4.g3 Ba6 5.Qa4 c5 6.dxc5 Bxc5 7.Bg2 Bb7 8.O-O O-O
9.Nc3 a6 10.Bf4 Be7 11.Rfd1 d6 12.Qc2 Qc7 13.Rac1 Rd8 14.b3 Nbd7 15.e4 Rac8
16.Qe2  1/2-1/2